00777cam a22002414a 45000010009000000050017000090080041000260100017000670200025000840400013001090410008001220800012001300820012001421000007001541010008001612450071001692460059002405040051002999060045003509420012003959990017004079520111004241585489220180314054240.0090805s2010 ohua b 001 0 eng  a 2009934265 a9780538751070 (pbk.) aDLCcDLC aeng a338 HIL a338 HIL1 a54 aMEN10aStrategic management theory :cCharles W.L. Hill, Gareth R. Jones.14aStrategic management : an integrated approach : theory aIncludes bibliographical references and index. a7bcbccorignewd3eepcnf20gy-gencatlg 2ddccBK c44985d44985 00102udc40708PËKGa002b002cPËKGd2018-03-14l0o338 HILp002-3001733r2018-03-14w2018-03-14yBK